Φορτώνει......

Physics for Joint Entrance Examination JEE (advanced): electrostatics and current electricity

Λεπτομέρειες βιβλιογραφικής εγγραφής
Κύριος συγγραφέας: Sharma B M
Μορφή: Printed Book
Έκδοση: Cengage Learning's India Pvt. Ltd. 2014
Έκδοση:2
Θέματα:
LEADER 00690nam a2200193 4500
020 |a 9788131522936  |c 395.00 
082 |a R 001.076 SHA-P 
100 |a Sharma B M 
245 |a Physics for Joint Entrance Examination JEE (advanced): electrostatics and current electricity 
250 |a 2 
260 |a Cengage Learning's India Pvt. Ltd.  |c 2014 
300 |a 168 
490
500
590 |a Modern Book Centre  |b MBC-1276/14 dt 30/10/2014  |c 395.00 
650 |a Competitive exams study materials; Study and teaching 
942 |c REF 
999 |c 85525  |d 85525 
952 |0 0  |1 0  |4 0  |6 R_001_076000000000000_SHAP  |7 0  |9 98993  |a PHY  |b PHY  |g 395.00  |l 0  |o R 001.076 SHA-P  |p PHY07183  |r 2019-09-24  |w 2019-09-24  |y REF